Statistics for Spell the Marvel Character #4

Click here to take the quiz!

General Stats

  • This quiz has been taken 26 times
  • The average score is 8 of 9

Answer Stats

Answer% Correct
Ant-Man
100%
Gamora
100%
Star-lord
100%
Thing
100%
Iron Fist
96%
Nightcrawler
96%
Rogue
92%
Stingray
88%
Yelena Belova
60%

Score Distribution

Percentile by Number Answered

Percent of People with Each Score

Your Score History

You have not taken this quiz